| 000 | 00907nas a2200301 4500 | ||
|---|---|---|---|
| 001 | BR0402519 | ||
| 003 | BR-BrBNA | ||
| 005 | 20231205104553.0 | ||
| 007 | ta | ||
| 008 | 230509b bl.|||p| |||| 00| 00por d | ||
| 040 |
_aBR-BrBNA _bpor _cBiblioteca Nacional de Agricultura |
||
| 041 | _a(Pt) | ||
| 072 | _aJ10 | ||
| 100 | 1 | _aOliveira, R.P. de | |
| 100 | 1 | _aScivittaro, W.B. | |
| 100 | 1 | _aRadmann, E.B. | |
| 245 | 1 | _aProcedimentos para o armazenamento de sementes de Poncirus trifoliata (L.)Raf. | |
| 650 | _aLIMOEIRO TRIFOLIADO | ||
| 650 | _aPONCIRUS TRIFOLIATA | ||
| 650 | _aSEMENTE | ||
| 650 | _aARMAZENAMENTO | ||
| 650 | _aPORTA ENXERTO | ||
| 650 | _aTRATAMENTO TÉRMICO | ||
| 650 | _aESTOCAGEM | ||
| 773 | 0 |
_tRevista Brasileira de Fruticultura (Brazil) _xISSN 0100-2945 _g(Dec 2003), v. 25(3) p. 461-463 _wBR0402519 |
|
| 909 |
_a202311 _bLúcia _c55 _dLúcia Elande |
||
| 942 |
_2AGRIS _n0 _cANA |
||
| 999 |
_c178765 _d178765 |
||